Chansons de Queen - Mort subite - Statistiques

Statistiques générales
  • Ce quiz a été pris 3 546 fois
  • Le résultat moyen est 5 sur 15
Answers on the Grid
Answers color-coded by a green-red scale on the quiz's grid according to % correct below.
Bohemian Rhapsody
Bohemian Rapsody
We Will Rock You
Killer Queen
Seven Seas Of Rhye
Somebody To Love
Gaga
Magic
Don't Stop Me Now
'39
'93
Bicycle
Killer King
Under Pressure
Another One Bites The Dust
I Want A Steak Frites
One Vision
Wind Of Change
You're My Best Friend
Hammer To Fall
I Want It All
Flash
Superman
It's a Good Life
Son And Daughter
Over The Sea
Sky Is A Neighborhood
Heart
The Mistake
Crazy Thing
 
Statistiques - réponses
Réponse % Correct
We Will Rock You
54%
Another One Bites The Dust
52%
Don't Stop Me Now
52%
Bohemian Rhapsody
50%
Killer Queen
46%
Under Pressure
44%
Somebody To Love
40%
I Want It All
32%
Hammer To Fall
21%
You're My Best Friend
21%
Flash
13%
One Vision
13%
Seven Seas Of Rhye
13%
'39
11%
Son And Daughter
4%
Aucun quiz correspondant
Distribution des résultats
% des personnes avec chaque résultat
Percentile par nombre de réponses
Votre historique - résultats
Vous n’avez pas pris ce quiz